[Event "95th Caplin Hastings Congress"]
[Site "Hastings"]
[Date "2020.01.02"]
[Round "6.18"]
[White "Yao, Lan"]
[Black "Chapman, Matt"]
[Result "1-0"]
[WhiteElo "2281"]
[BlackElo "1937"]
[Annotator "ChessBase"]
[PlyCount "119"]
[EventDate "2019.12.28"]
[EventType "swiss"]
[EventCountry "ENG"]
[SourceTitle "playchess.com"]
[Source "ChessBase"]
[SourceQuality "1"]
[TimeControl "40/6600+30:3000+30"]

1. e4 {[%emt 0:09:32]} e5 {[%emt 0:09:45]} 2. Nf3 {[%emt 0:00:05]} Nc6 {[%emt 0:00:06]} 3. Bc4 {[%emt 0:00:05]} Nf6 {[%emt 0:00:09]} 4. d3 {[%emt 0:00:06]} Be7 {[%emt 0:00:38]} 5. O-O {[%emt 0:00:16]} O-O {[%emt 0:00:10]} 6. Re1 {[%emt 0:00:10]} d6 {[%emt 0:00:26]} 7. a4 {[%emt 0:00:03]} Kh8 {[%emt 0:04:34]} 8. a5 {[%emt 0:05:09]} a6 {[%emt 0:00:22]} 9. c3 {[%emt 0:00:43]} Ng8 {[%emt 0:02:03]} 10. d4 {[%emt 0:13:11]} f5 {[%emt 0:01:03]} 11. d5 {[%emt 0:02:56]} Nb8 {[%emt 0:00:11]} 12. exf5 {[%emt 0:00:20]} Bxf5 {[%emt 0:02:37]} 13. Nbd2 {[%emt 0:03:52]} Nd7 {[%emt 0:04:29]} 14. Ne4 {[%emt 0:06:38]} Qe8 {[%emt 0:15:26]} 15. Ng3 {[%emt 0:06:03]} Bg4 {[%emt 0:23:03]} 16. Be2 {[%emt 0:00:30]} Qg6 {[%emt 0:03:11]} 17. Be3 {[%emt 0:04:42]} Nh6 {[%emt 0:05:28]} 18. h3 {[%emt 0:05:04]} Bxf3 {[%emt 0:04:03]} 19. Bxf3 {[%emt 0:00:07]} Nf6 {[%emt 0:00:28]} 20. Qb3 {[%emt 0:11:24]} Nf5 {[%emt 0:04:33]} 21. Nxf5 {[%emt 0:12:24]} Qxf5 {[%emt 0:00:07]} 22. Qxb7 {[%emt 0:01:48]} e4 {[%emt 0:03:04]} 23. Bg4 {[%emt 0:00:32]} Qxd5 {[%emt 0:03:19]} 24. Qxc7 {[%emt 0:17:33]} Nxg4 {[%emt 0:00:30]} 25. hxg4 {[%emt 0:01:28]} Qe6 {[%emt 0:01:37]} 26. Rad1 {[%emt 0:07:14]} Rf7 {[%emt 0:07:52]} 27. Qc6 {[%emt 0:00:42]} Raf8 {[%emt 0:01:29]} 28. Bb6 {[%emt 0:02:24]} Rf4 {[%emt 0:02:14]} 29. f3 {[%emt 0:02:53]} Qb3 {[%emt 0:07:39]} 30. Qd5 {[%emt 0:01:19]} Qxb2 {[%emt 0:03:26]} 31. Rxe4 {[%emt 0:00:20]} Rxe4 {[%emt 0:03:19]} 32. Qxe4 {[%emt 0:00:03]} Bf6 {[%emt 0:01:14]} 33. Bd4 {[%emt 0:00:48]} Bxd4+ {[%emt 0:00:55]} 34. Qxd4 {[%emt 0:00:06]} Re8 {[%emt 0:01:08]} 35. Qd2 {[%emt 0:05:38]} Qb5 {[%emt 0:02:01]} 36. Qxd6 {[%emt 0:00:50]} Qxa5 {[%emt 0:00:51]} 37. Qc6 {[%emt 0:00:04]} Qe5 {[%emt 0:01:07]} 38. Kh1 {[%emt 0:01:09]} h6 {[%emt 0:01:16]} 39. c4 {[%emt 0:00:35]} Qe2 {[%emt 0:01:17]} 40. Qd7 {[%emt 0:00:40]} Re7 {[%emt 0:01:42]} 41. Qd4 {[%emt 0:50:29]} Rb7 {[%emt 0:06:08]} 42. Qd8+ {[%emt 0:00:00]} Kh7 {[%emt 0:00:11]} 43. Qd5 {[%emt 0:00:00]} Qe7 {[%emt 0:03:56]} 44. c5 {[%emt 0:00:00]} Rb2 {[%emt 0:05:04]} 45. Qh5 {[%emt 0:00:00]} g6 {[%emt 0:07:22]} 46. Qh3 {[%emt 0:00:00]} Rd2 {[%emt 0:10:53]} 47. Rxd2 {[%emt 0:00:00]} Qe1+ {[%emt 0:00:04]} 48. Kh2 {[%emt 0:00:00]} Qxd2 {[%emt 0:00:07]} 49. Qg3 {[%emt 0:00:00]} Kg7 {[%emt 0:03:21]} 50. Qe5+ {[%emt 0:00:00]} Kf7 {[%emt 0:00:28]} 51. c6 {[%emt 0:00:00]} Qd8 {[%emt 0:02:18]} 52. c7 {[%emt 0:00:00]} Qc8 {[%emt 0:00:05]} 53. Kg3 {[%emt 0:00:00]} Qd7 {[%emt 0:00:35]} 54. Qc5 {[%emt 0:00:00]} Qc8 {[%emt 0:00:02]} 55. f4 {[%emt 0:00:00]} Ke6 {[%emt 0:00:40]} 56. Qc6+ {[%emt 0:00:00]} Ke7 {[%emt 0:00:07]} 57. f5 {[%emt 0:00:00]} gxf5 {[%emt 0:00:28]} 58. gxf5 {[%emt 0:00:00]} Qg8+ {[%emt 0:00:34]} 59. Kh2 {[%emt 0:00:00]} Qc8 {[%emt 0:01:22]} 60. Qe6+ {[%emt 0:00:00]} 1-0

[Event "95th Caplin Hastings Congress"]
[Site "Hastings"]
[Date "2020.01.02"]
[Round "6.19"]
[White "Comellas Blanchart, Jordi"]
[Black "Stoyanov, Viktor"]
[Result "0-1"]
[WhiteElo "2064"]
[BlackElo "2272"]
[Annotator "ChessBase"]
[PlyCount "106"]
[EventDate "2019.12.28"]
[EventType "swiss"]
[EventCountry "ENG"]
[SourceTitle "playchess.com"]
[Source "ChessBase"]
[SourceQuality "1"]
[TimeControl "40/6600+30:3000+30"]

1. e4 {[%emt 0:09:31]} c6 {[%emt 0:17:15]} 2. Nc3 {[%emt 0:00:11]} d5 {[%emt 0:00:31]} 3. Nf3 {[%emt 0:00:07]} Nf6 {[%emt 0:00:12]} 4. e5 {[%emt 0:01:22]} Ne4 {[%emt 0:00:13]} 5. Ne2 {[%emt 0:00:13]} Qb6 {[%emt 0:00:53]} 6. d4 {[%emt 0:00:39]} e6 7. Ng3 {[%emt 0:00:25]} c5 {[%emt 0:00:16]} 8. c3 {[%emt 0:00:37]} Nc6 {[%emt 0:01:11]} 9. Bd3 {[%emt 0:00:19]} Nxg3 {[%emt 0:01:35]} 10. hxg3 {[%emt 0:00:11]} h6 {[%emt 0:04:53]} 11. g4 {[%emt 0:03:38]} Bd7 {[%emt 0:04:29]} 12. Kf1 {[%emt 0:01:37]} O-O-O {[%emt 0:01:27]} 13. dxc5 {[%emt 0:02:35]} Bxc5 {[%emt 0:02:55]} 14. b4 {[%emt 0:03:43]} Be7 {[%emt 0:01:59]} 15. Be3 {[%emt 0:15:48]} Qc7 {[%emt 0:00:06]} 16. a4 {[%emt 0:01:23]} f6 {[%emt 0:19:12]} 17. a5 {[%emt 0:15:48]} d4 {[%emt 0:09:36]} 18. Nxd4 {[%emt 0:15:06]} Nxe5 {[%emt 0:01:13]} 19. Be2 {[%emt 0:10:45]} Nc4 {[%emt 0:00:59]} 20. Bxc4 {[%emt 0:02:00]} Qxc4+ {[%emt 0:00:03]} 21. Qe2 {[%emt 0:00:29]} Qxe2+ {[%emt 0:00:41]} 22. Kxe2 {[%emt 0:00:14]} Kb8 {[%emt 0:01:36]} 23. f3 {[%emt 0:03:34]} Rc8 {[%emt 0:01:57]} 24. Rac1 {[%emt 0:04:14]} Rhd8 {[%emt 0:02:51]} 25. Kf2 {[%emt 0:03:54]} Bf8 {[%emt 0:06:58]} 26. Nb3 {[%emt 0:02:59]} Bb5 {[%emt 0:10:09]} 27. Nc5 {[%emt 0:10:33]} Bc4 {[%emt 0:00:17]} 28. Rhd1 {[%emt 0:00:50]} Ka8 {[%emt 0:03:31]} 29. Ke1 {[%emt 0:04:16]} Bd6 {[%emt 0:01:46]} 30. Kf2 {[%emt 0:02:28]} Be7 {[%emt 0:00:38]} 31. Ke1 {[%emt 0:00:32]} f5 {[%emt 0:00:56]} 32. Rd7 {[%emt 0:02:29]} Rxd7 {[%emt 0:01:45]} 33. Nxd7 {[%emt 0:00:08]} fxg4 {[%emt 0:05:36]} 34. fxg4 {[%emt 0:00:11]} Rd8 {[%emt 0:00:34]} 35. Nc5 {[%emt 0:01:49]} Bh4+ {[%emt 0:05:39]} 36. Bf2 {[%emt 0:00:07]} Bg5 {[%emt 0:00:07]} 37. Rd1 {[%emt 0:01:09]} Rxd1+ {[%emt 0:00:33]} 38. Kxd1 {[%emt 0:00:08]} Bd5 {[%emt 0:00:07]} 39. Ke2 {[%emt 0:01:05]} Bf6 {[%emt 0:01:35]} 40. Be1 {[%emt 0:01:08]} Bxg2 {[%emt 0:06:03]} 41. Nd7 {[%emt 0:06:34]} Be7 {[%emt 0:01:23]} 42. Bg3 {[%emt 0:01:26]} Bc6 {[%emt 0:02:01]} 43. Ne5 {[%emt 0:01:19]} Be8 {[%emt 0:00:17]} 44. Ke3 {[%emt 0:01:19]} Bd6 {[%emt 0:02:18]} 45. Ke4 {[%emt 0:04:54]} Kb8 {[%emt 0:03:02]} 46. Bf2 {[%emt 0:00:43]} a6 {[%emt 0:06:26]} 47. Bc5 {[%emt 0:02:56]} Bxc5 {[%emt 0:04:36]} 48. bxc5 {[%emt 0:00:07]} Kc7 {[%emt 0:00:16]} 49. Kd4 {[%emt 0:04:16]} Ba4 {[%emt 0:02:45]} 50. c4 {[%emt 0:01:48]} Kd8 {[%emt 0:02:12]} 51. Ke3 {[%emt 0:02:40]} Ke7 {[%emt 0:00:10]} 52. Kd4 {[%emt 0:01:39]} Bc6 {[%emt 0:01:41]} 53. g5 {[%emt 0:01:48]} hxg5 {[%emt 0:00:24]} 0-1

[Event "95th Caplin Hastings Congress"]
[Site "Hastings"]
[Date "2020.01.02"]
[Round "6.20"]
[White "Pavlov, Mikhail"]
[Black "Lyell, Mark"]
[Result "0-1"]
[WhiteElo "1955"]
[BlackElo "2265"]
[Annotator "ChessBase"]
[PlyCount "126"]
[EventDate "2019.12.28"]
[EventType "swiss"]
[EventCountry "ENG"]
[SourceTitle "playchess.com"]
[Source "ChessBase"]
[SourceQuality "1"]
[TimeControl "40/6600+30:3000+30"]

1. e4 {[%emt 0:09:33]} c6 {[%emt 0:09:36]} 2. d4 {[%emt 0:00:04]} d5 {[%emt 0:00:06]} 3. e5 {[%emt 0:00:03]} c5 {[%emt 0:00:08]} 4. dxc5 {[%emt 0:00:06]} Nc6 {[%emt 0:00:24]} 5. a3 {[%emt 0:00:05]} Nxe5 {[%emt 0:00:45]} 6. b4 {[%emt 0:00:13]} g6 {[%emt 0:00:36]} 7. Bb5+ {[%emt 0:00:05]} Bd7 {[%emt 0:01:06]} 8. Qxd5 {[%emt 0:00:06]} Bxb5 {[%emt 0:00:16]} 9. Qxe5 {[%emt 0:00:10]} Nf6 {[%emt 0:00:18]} 10. Nc3 {[%emt 0:00:06]} Bc6 {[%emt 0:00:18]} 11. Nf3 {[%emt 0:00:05]} Bg7 {[%emt 0:00:24]} 12. Bb2 {[%emt 0:00:06]} O-O {[%emt 0:08:38]} 13. Rd1 {[%emt 0:00:05]} Qc8 {[%emt 0:00:53]} 14. O-O {[%emt 0:00:10]} b6 {[%emt 0:10:22]} 15. Nd4 {[%emt 0:12:14]} bxc5 {[%emt 0:19:28]} 16. Nxc6 {[%emt 0:02:52]} Qxc6 {[%emt 0:00:08]} 17. Nd5 {[%emt 0:00:05]} Kh8 {[%emt 0:21:47]} 18. Nxe7 {[%emt 0:01:00]} Qe6 {[%emt 0:00:45]} 19. Qxe6 {[%emt 0:00:34]} fxe6 {[%emt 0:00:02]} 20. Rfe1 {[%emt 0:00:21]} cxb4 {[%emt 0:03:19]} 21. axb4 {[%emt 0:00:05]} Rae8 {[%emt 0:15:19]} 22. Nc6 {[%emt 0:06:04]} Nd5 {[%emt 0:02:40]} 23. Bxg7+ {[%emt 0:01:02]} Kxg7 {[%emt 0:00:02]} 24. c4 {[%emt 0:01:12]} Nb6 {[%emt 0:00:41]} 25. c5 {[%emt 0:01:17]} Nd5 {[%emt 0:00:40]} 26. Ra1 {[%emt 0:00:28]} Rf7 {[%emt 0:02:36]} 27. b5 {[%emt 0:00:23]} Nc3 {[%emt 0:10:50]} 28. Nxa7 {[%emt 0:01:32]} Rd8 {[%emt 0:00:16]} 29. Re3 {[%emt 0:04:04]} Na4 {[%emt 0:02:06]} 30. c6 {[%emt 0:08:07]} Rxa7 {[%emt 0:06:47]} 31. b6 {[%emt 0:00:27]} Ra6 {[%emt 0:03:19]} 32. c7 {[%emt 0:05:29]} Nxb6 {[%emt 0:00:02]} 33. Rc1 {[%emt 0:01:39]} Rc8 {[%emt 0:01:14]} 34. Rxe6 {[%emt 0:00:52]} Kf7 {[%emt 0:00:30]} 35. Rec6 {[%emt 0:00:05]} Ke7 {[%emt 0:00:24]} 36. g3 {[%emt 0:00:10]} Kd7 {[%emt 0:00:32]} 37. Rf6 {[%emt 0:00:25]} Ke7 {[%emt 0:00:27]} 38. Rfc6 {[%emt 0:00:06]} Kd7 {[%emt 0:00:11]} 39. Kg2 {[%emt 0:00:16]} Ra1 {[%emt 0:00:27]} 40. R1c2 {[%emt 0:01:49]} Ra2 {[%emt 0:00:22]} 41. Rc1 {[%emt 0:50:26]} Ra1 {[%emt 0:51:02]} 42. R1c2 {[%emt 0:00:08]} Ra2 {[%emt 0:00:00]} 43. Rc1 {[%emt 0:00:00]} Nd5 {[%emt 0:00:00]} 44. R6c5 {[%emt 0:00:00]} Rd2 {[%emt 0:00:00]} 45. h4 {[%emt 0:00:00]} Rxc7 {[%emt 0:00:00]} 46. Rxc7+ {[%emt 0:00:00]} Nxc7 {[%emt 0:00:00]} 47. Rc3 {[%emt 0:00:00]} Nd5 {[%emt 0:00:00]} 48. Rf3 {[%emt 0:00:00]} Ke7 {[%emt 0:00:00]} 49. Ra3 {[%emt 0:00:00]} Nf6 {[%emt 0:00:00]} 50. Ra7+ {[%emt 0:00:00]} Ke6 {[%emt 0:00:00]} 51. Ra6+ {[%emt 0:00:00]} Kf5 {[%emt 0:00:00]} 52. Kf3 {[%emt 0:00:00]} Rd3+ {[%emt 0:00:00]} 53. Ke2 {[%emt 0:00:00]} Rb3 {[%emt 0:00:00]} 54. f3 {[%emt 0:00:00]} Rb2+ {[%emt 0:00:00]} 55. Kd3 {[%emt 0:00:00]} Rb3+ {[%emt 0:00:00]} 56. Ke2 {[%emt 0:00:00]} Nd5 {[%emt 0:00:00]} 57. Ra7 {[%emt 0:00:00]} h5 {[%emt 0:00:00]} 58. Ra5 {[%emt 0:00:00]} Ke5 {[%emt 0:00:00]} 59. Ra6 {[%emt 0:00:08]} Rb2+ {[%emt 0:00:00]} 60. Ke1 {[%emt 0:01:20]} Kd4 {[%emt 0:00:00]} 61. Kf1 {[%emt 0:11:23]} Ne3+ {[%emt 0:00:00]} 62. Ke1 {[%emt 0:00:34]} Nf5 {[%emt 0:01:25]} 63. Rxg6 {[%emt 0:03:02]} Ke3 {[%emt 0:00:15]} 0-1

[Event "95th Caplin Hastings Congress"]
[Site "Hastings"]
[Date "2020.01.02"]
[Round "6.21"]
[White "Fryer, David W"]
[Black "Brouwer, Dennis"]
[Result "0-1"]
[WhiteElo "1913"]
[BlackElo "2202"]
[Annotator "NA"]
[PlyCount "58"]
[EventDate "2019.12.28"]
[EventType "swiss"]
[EventCountry "ENG"]
[SourceTitle "playchess.com"]
[Source "ChessBase"]
[SourceQuality "1"]
[TimeControl "40/6600+30:3000+30"]

1. e4 {[%emt 0:00:05]} e6 {[%emt 0:00:28]} 2. d3 {[%emt 0:09:38]} d5 {[%emt 0:00:47]} 3. Nd2 {[%emt 0:00:07]} Nf6 {[%emt 0:00:26]} 4. Ngf3 {[%emt 0:01:14]} Nc6 {[%emt 0:00:18]} 5. g3 {[%emt 0:00:00]} dxe4 {[%emt 0:10:25]} 6. dxe4 {[%emt 0:00:23]} e5 {[%emt 0:00:11]} 7. Bg2 {[%emt 0:00:42]} Bc5 {[%emt 0:00:17]} 8. O-O {[%emt 0:00:43]} O-O {[%emt 0:00:25]} 9. c3 {[%emt 0:03:32]} a5 $11 {[%emt 0:04:06]} 10. Qc2 {[%emt 0:12:11]} b6 11. Nb3 {[%emt 0:05:55]} Bd6 12. Nxe5 {[%emt 0:23:05]} Bxe5 {[%emt 0:01:40]} 13. f4 {[%emt 0:01:26]} a4 {[%emt 0:24:41]} 14. Nd2 {[%emt 0:03:12]} Ba6 15. Re1 {[%emt 0:00:30]} Qd6 {[%emt 0:38:47]} 16. Nf1 {[%emt 0:12:54]} Qc5+ {[%emt 0:05:58]} 17. Qf2 {[%emt 0:07:48]} Qxf2+ {[%emt 0:00:30]} 18. Kxf2 {[%emt 0:00:07]} Ng4+ {[%emt 0:03:52]} 19. Kf3 {[%emt 0:05:05]} Bxf1 {[%emt 0:00:21]} 20. Bxf1 {[%emt 0:00:13]} Nxh2+ {[%emt 0:02:23]} 21. Kg2 {[%emt 0:00:13]} Nxf1 {[%emt 0:00:44]} 22. fxe5 {[%emt 0:00:25]} Nxg3 {[%emt 0:00:54]} 23. Kxg3 Nxe5 24. Be3 {[%emt 0:03:57]} Rfd8 {[%emt 0:05:02]} 25. Re2 {[%emt 0:05:51]} Rd3 {[%emt 0:00:57]} 26. Kf4 {[%emt 0:01:04]} f6 {[%emt 0:00:21]} 27. Rh1 {[%emt 0:01:26]} a3 {[%emt 0:01:55]} 28. Kf5 {[%emt 0:03:52]} axb2 {[%emt 0:00:57]} 29. Bh6 {[%emt 0:01:16]} Rf3+ {[%emt 0:00:10]} 0-1

[Event "95th Caplin Hastings Congress"]
[Site "Hastings"]
[Date "2020.01.02"]
[Round "6.22"]
[White "Thorpe, Thomas"]
[Black "Gallagher, Daniel GH"]
[Result "1/2-1/2"]
[WhiteElo "1924"]
[BlackElo "2171"]
[Annotator "NA"]
[PlyCount "70"]
[EventDate "2019.12.28"]
[EventType "swiss"]
[EventCountry "ENG"]
[SourceTitle "playchess.com"]
[Source "ChessBase"]
[SourceQuality "1"]
[TimeControl "40/6600+30:3000+30"]

1. e4 {[%emt 0:09:33]} e5 {[%emt 0:10:04]} 2. Nc3 {[%emt 0:00:19]} Nf6 {[%emt 0:00:28]} 3. f4 {[%emt 0:01:13]} d5 {[%emt 0:00:06]} 4. exd5 {[%emt 0:03:03]} Nxd5 {[%emt 0:00:09]} 5. Nxd5 {[%emt 0:16:01]} Qxd5 {[%emt 0:00:06]} 6. fxe5 {[%emt 0:00:12]} Qxe5+ {[%emt 0:01:56]} 7. Qe2 {[%emt 0:01:31]} Qxe2+ {[%emt 0:07:28]} 8. Bxe2 {[%emt 0:03:21]} Bf5 {[%emt 0:12:23]} 9. d3 {[%emt 0:04:53]} Nc6 {[%emt 0:00:33]} 10. Nf3 {[%emt 0:12:16]} O-O-O {[%emt 0:01:45]} 11. Bf4 {[%emt 0:04:32]} Bc5 {[%emt 0:02:10]} 12. O-O-O {[%emt 0:18:26]} Rhe8 {[%emt 0:00:56]} 13. Bf1 {[%emt 0:00:33]} Nb4 {[%emt 0:40:38]} 14. a3 {[%emt 0:14:33]} Nd5 {[%emt 0:00:07]} 15. Bd2 {[%emt 0:00:06]} Bf2 {[%emt 0:09:04]} 16. d4 {[%emt 0:05:41]} Ne3 {[%emt 0:00:59]} 17. Bxe3 {[%emt 0:00:07]} Bxe3+ {[%emt 0:00:12]} 18. Kb1 {[%emt 0:00:07]} Bf4 {[%emt 0:10:56]} 19. Bc4 {[%emt 0:03:09]} f6 {[%emt 0:01:20]} 20. Rhe1 {[%emt 0:02:05]} Re3 {[%emt 0:07:18]} 21. Rxe3 {[%emt 0:04:56]} Bxe3 {[%emt 0:00:01]} 22. Bd3 {[%emt 0:00:34]} Bxd3 {[%emt 0:01:51]} 23. Rxd3 {[%emt 0:00:08]} Re8 {[%emt 0:00:21]} 24. Rd1 {[%emt 0:04:28]} Bf4 {[%emt 0:02:09]} 25. g3 {[%emt 0:00:39]} Bd6 {[%emt 0:00:03]} 26. Re1 {[%emt 0:04:09]} Rxe1+ {[%emt 0:00:05]} 27. Nxe1 {[%emt 0:00:03]} Kd7 {[%emt 0:00:17]} 28. d5 {[%emt 0:02:05]} b5 {[%emt 0:00:54]} 29. Ka2 {[%emt 0:03:43]} Bc5 {[%emt 0:02:08]} 30. b3 {[%emt 0:01:03]} g5 {[%emt 0:00:21]} 31. g4 {[%emt 0:00:38]} Kd6 {[%emt 0:00:05]} 32. c4 {[%emt 0:00:09]} bxc4 {[%emt 0:00:06]} 33. bxc4 {[%emt 0:00:04]} c6 {[%emt 0:01:50]} 34. dxc6 {[%emt 0:00:18]} Kxc6 {[%emt 0:01:34]} 35. Nd3 {[%emt 0:01:31]} Bg1 {[%emt 0:00:00]} 1/2-1/2

[Event "95th Caplin Hastings Congress"]
[Site "Hastings"]
[Date "2020.01.02"]
[Round "6.23"]
[White "Thatte, Nishchal"]
[Black "Sucikova, Svetlana"]
[Result "0-1"]
[WhiteElo "1723"]
[BlackElo "2160"]
[Annotator "ChessBase"]
[PlyCount "138"]
[EventDate "2019.12.28"]
[EventType "swiss"]
[EventCountry "ENG"]
[SourceTitle "playchess.com"]
[Source "ChessBase"]
[SourceQuality "1"]
[TimeControl "40/6600+30:3000+30"]

1. e4 {[%emt 0:09:33]} g6 {[%emt 0:10:31]} 2. d4 {[%emt 0:00:11]} Bg7 {[%emt 0:00:35]} 3. Nc3 {[%emt 0:00:13]} d6 {[%emt 0:00:44]} 4. f4 {[%emt 0:00:45]} a6 {[%emt 0:00:50]} 5. a4 {[%emt 0:06:47]} Nc6 {[%emt 0:03:17]} 6. Be3 {[%emt 0:14:09]} Nf6 {[%emt 0:01:51]} 7. Nf3 {[%emt 0:02:17]} O-O {[%emt 0:03:27]} 8. Qd2 {[%emt 0:09:37]} Ng4 {[%emt 0:07:07]} 9. Bg1 {[%emt 0:01:49]} e5 {[%emt 0:08:48]} 10. d5 {[%emt 0:19:35]} Nb8 {[%emt 0:08:22]} 11. h3 {[%emt 0:03:35]} Nf6 {[%emt 0:00:31]} 12. fxe5 {[%emt 0:03:36]} dxe5 {[%emt 0:00:29]} 13. Be3 {[%emt 0:00:14]} Nh5 {[%emt 0:03:36]} 14. Bh6 {[%emt 0:12:03]} Qd6 {[%emt 0:03:21]} 15. Bc4 {[%emt 0:07:35]} Qb4 {[%emt 0:05:35]} 16. Bxg7 {[%emt 0:03:52]} Kxg7 {[%emt 0:00:13]} 17. b3 {[%emt 0:00:14]} Ng3 {[%emt 0:09:28]} 18. Rg1 {[%emt 0:00:06]} Nh5 {[%emt 0:08:47]} 19. Nxe5 {[%emt 0:05:40]} Re8 {[%emt 0:02:27]} 20. Qd4 {[%emt 0:04:38]} f6 {[%emt 0:00:54]} 21. Nd3 {[%emt 0:00:32]} Qd6 {[%emt 0:07:10]} 22. O-O-O {[%emt 0:03:11]} Qa3+ {[%emt 0:05:11]} 23. Kd2 {[%emt 0:00:33]} Qd6 {[%emt 0:02:00]} 24. Qf2 {[%emt 0:03:32]} Kh8 {[%emt 0:06:27]} 25. g4 {[%emt 0:02:03]} Ng7 {[%emt 0:00:02]} 26. Rdf1 {[%emt 0:02:23]} Nd7 {[%emt 0:00:50]} 27. h4 {[%emt 0:00:24]} Rg8 {[%emt 0:01:55]} 28. h5 {[%emt 0:01:49]} g5 {[%emt 0:00:02]} 29. Ne2 {[%emt 0:01:15]} Ne8 {[%emt 0:01:59]} 30. Nd4 {[%emt 0:00:10]} Ne5 {[%emt 0:01:45]} 31. Nf5 {[%emt 0:01:28]} Nxd3 {[%emt 0:03:57]} 32. Bxd3 {[%emt 0:00:50]} Qb4+ {[%emt 0:02:08]} 33. Ke2 {[%emt 0:00:07]} b5 {[%emt 0:01:40]} 34. Ra1 {[%emt 0:00:53]} Bd7 {[%emt 0:01:09]} 35. axb5 {[%emt 0:00:44]} Bxb5 {[%emt 0:00:08]} 36. Qd4 {[%emt 0:00:16]} Bxd3+ {[%emt 0:00:58]} 37. Qxd3 {[%emt 0:00:08]} Nd6 {[%emt 0:03:08]} 38. Ra4 {[%emt 0:00:53]} Qb6 {[%emt 0:00:09]} 39. Qe3 {[%emt 0:00:30]} Qb5+ {[%emt 0:02:44]} 40. Qd3 {[%emt 0:00:49]} Qc5 {[%emt 0:00:27]} 41. Rga1 {[%emt 0:07:52]} Nxf5 {[%emt 0:05:05]} 42. exf5 {[%emt 0:00:08]} Rae8+ {[%emt 0:01:41]} 43. Kd2 {[%emt 0:01:09]} Re5 {[%emt 0:01:39]} 44. Rd4 {[%emt 0:04:51]} Rge8 {[%emt 0:01:37]} 45. Rd1 {[%emt 0:04:19]} Qa5+ {[%emt 0:15:00]} 46. Kc1 {[%emt 0:07:04]} Qa1+ {[%emt 0:00:31]} 47. Kd2 {[%emt 0:00:13]} Re2+ {[%emt 0:00:37]} 48. Qxe2 {[%emt 0:00:21]} Qxd4+ {[%emt 0:00:05]} 49. Qd3 {[%emt 0:00:06]} Qf4+ {[%emt 0:00:24]} 50. Kc3 {[%emt 0:00:34]} Re3 {[%emt 0:00:07]} 51. Qxe3 {[%emt 0:00:29]} Qxe3+ {[%emt 0:00:07]} 52. Rd3 {[%emt 0:00:02]} Qc5+ {[%emt 0:01:22]} 53. Kb2 {[%emt 0:00:41]} Qb4 {[%emt 0:00:19]} 54. Rg3 {[%emt 0:00:23]} Qf4 {[%emt 0:00:13]} 55. Rg2 {[%emt 0:00:06]} Qe4 {[%emt 0:00:09]} 56. Rd2 {[%emt 0:00:30]} Qxg4 {[%emt 0:00:47]} 57. d6 {[%emt 0:00:03]} cxd6 {[%emt 0:00:10]} 58. Rxd6 {[%emt 0:00:04]} Qxf5 {[%emt 0:00:05]} 59. Rxa6 {[%emt 0:00:08]} Kg7 {[%emt 0:00:21]} 60. b4 {[%emt 0:00:52]} g4 {[%emt 0:00:16]} 61. Ra5 {[%emt 0:00:04]} Qf4 {[%emt 0:01:08]} 62. Kb3 {[%emt 0:01:47]} g3 {[%emt 0:00:10]} 63. b5 {[%emt 0:00:03]} g2 {[%emt 0:00:09]} 64. Ra1 {[%emt 0:00:02]} Qf1 {[%emt 0:00:21]} 65. Rxf1 {[%emt 0:00:21]} gxf1=Q {[%emt 0:00:14]} 66. c4 {[%emt 0:00:06]} Qf2 {[%emt 0:01:40]} 67. Kb4 {[%emt 0:00:09]} Qd4 {[%emt 0:00:12]} 68. Ka5 {[%emt 0:00:21]} Qc3+ {[%emt 0:00:12]} 69. Ka6 {[%emt 0:00:13]} Qxc4 {[%emt 0:00:08]} 0-1

[Event "95th Caplin Hastings Congress"]
[Site "Hastings"]
[Date "2020.01.02"]
[Round "6.24"]
[White "Graham, David B"]
[Black "Shivika Rohilla"]
[Result "1-0"]
[WhiteElo "2152"]
[BlackElo "1744"]
[Annotator "NA"]
[PlyCount "85"]
[EventDate "2019.12.28"]
[EventType "swiss"]
[EventCountry "ENG"]
[SourceTitle "playchess.com"]
[Source "ChessBase"]
[SourceQuality "1"]
[TimeControl "40/6600+30:3000+30"]

1. e4 {[%emt 0:09:32]} e5 {[%emt 0:09:36]} 2. Nf3 {[%emt 0:00:04]} Nc6 {[%emt 0:00:04]} 3. Bc4 {[%emt 0:00:04]} Bc5 {[%emt 0:00:04]} 4. c3 {[%emt 0:00:15]} Nf6 {[%emt 0:00:05]} 5. d3 {[%emt 0:00:05]} O-O {[%emt 0:00:18]} 6. Bg5 {[%emt 0:00:06]} h6 {[%emt 0:00:14]} 7. Bh4 {[%emt 0:00:10]} Be7 {[%emt 0:00:17]} 8. Nbd2 {[%emt 0:03:11]} Re8 $14 {[%emt 0:06:22]} 9. Qb3 {[%emt 0:09:54]} Rf8 {[%emt 0:15:07]} 10. Qc2 {[%emt 0:01:53]} d6 {[%emt 0:01:54]} 11. a4 {[%emt 0:01:54]} Nh5 {[%emt 0:02:05]} 12. Bg3 {[%emt 0:01:13]} Nxg3 {[%emt 0:01:17]} 13. hxg3 {[%emt 0:01:30]} Be6 {[%emt 0:01:50]} 14. Bxe6 {[%emt 0:12:47]} fxe6 {[%emt 0:00:08]} 15. Nc4 {[%emt 0:01:45]} Bf6 {[%emt 0:03:24]} 16. Ne3 {[%emt 0:05:01]} Qe8 {[%emt 0:05:36]} 17. Ng4 {[%emt 0:15:43]} Be7 {[%emt 0:05:00]} 18. Qe2 {[%emt 0:12:23]} a6 {[%emt 0:02:21]} 19. Nh4 {[%emt 0:02:29]} b5 {[%emt 0:03:14]} 20. axb5 {[%emt 0:12:42]} axb5 {[%emt 0:00:08]} 21. Rxa8 {[%emt 0:00:05]} Qxa8 {[%emt 0:00:07]} 22. Nxh6+ {[%emt 0:03:26]} gxh6 {[%emt 0:00:52]} 23. Qg4+ {[%emt 0:00:34]} Bg5 {[%emt 0:00:48]} 24. Qxe6+ {[%emt 0:00:28]} Rf7 {[%emt 0:01:27]} 25. Nf5 {[%emt 0:06:52]} Kf8 {[%emt 0:07:16]} 26. Ke2 {[%emt 0:06:57]} Nd8 {[%emt 0:06:42]} 27. Qg6 {[%emt 0:01:41]} Qa2 {[%emt 0:01:19]} 28. Qxg5 {[%emt 0:00:28]} Qxb2+ {[%emt 0:05:11]} 29. Qd2 {[%emt 0:00:04]} Qb3 {[%emt 0:02:01]} 30. Rxh6 {[%emt 0:01:21]} Ke8 {[%emt 0:00:17]} 31. Rh1 {[%emt 0:03:35]} Ne6 {[%emt 0:00:39]} 32. Ra1 {[%emt 0:01:10]} Kd7 {[%emt 0:00:30]} 33. Ra2 {[%emt 0:00:52]} Nc5 {[%emt 0:00:58]} 34. Qb2 {[%emt 0:00:46]} Qxb2+ {[%emt 0:00:27]} 35. Rxb2 {[%emt 0:00:03]} Na4 {[%emt 0:00:07]} 36. Rb3 {[%emt 0:00:33]} d5 {[%emt 0:00:54]} 37. g4 {[%emt 0:01:29]} dxe4 {[%emt 0:00:13]} 38. dxe4 {[%emt 0:00:07]} Nc5 {[%emt 0:00:35]} 39. Rxb5 {[%emt 0:01:25]} Nxe4 {[%emt 0:00:07]} 40. Rxe5 {[%emt 0:00:35]} Nxc3+ {[%emt 0:00:07]} 41. Kf3 {[%emt 0:53:48]} c6 {[%emt 0:50:32]} 42. g5 {[%emt 0:00:00]} Nb5 {[%emt 0:00:00]} 43. g6 {[%emt 0:00:00]} 1-0